| 000 | 00457cam a2200193ua 4500 | ||
|---|---|---|---|
| 001 | 4016 | ||
| 008 | 111221n ii |||gr||||Z||||||asm | ||
| 040 | _cMAIN | ||
| 082 | _a891.21 | ||
| 100 | 1 | _aKalidas, | |
| 100 | _aGoswami, Malinee, | ||
| 245 | 1 | 1 |
_aRaghurapi kavyam _cby Malinee Goswami |
| 250 | _a1st. | ||
| 260 |
_aGuwahati: _bChandra Prakash,994. |
||
| 300 |
_a187p: _c23cm. |
||
| 653 | _aAssamese poem | ||
| 653 | _aRaghurapi kavyam | ||
| 942 | _cBK | ||
| 999 |
_c3838 _d3838 |
||